000 00426nam a22001217a 4500
003 OSt
008 250121b |||||||| |||| 00| 0 eng d
041 _aeng
100 _aWorld Energy Conference
_96968
245 _aDo: Vol.A: The Outlook for Oil Supplies in Year 2000:
_bTentative Synthesis of Recent Surveys Rt 2a.
260 _aNew Delhi:
_bOrganising Committe 12th Congress of the World Energy Conference,
_c1983.
942 _cBK
999 _c19089
_d19089